Learning Resource and Development

Fundamentals of software architecture : (Record no. 28335)

MARC details
000 -LEADER
fixed length control field 03477cam a2200445 i 4500
001 - CONTROL NUMBER
control field 22440106
003 - CONTROL NUMBER IDENTIFIER
control field CSPC
005 - DATE AND TIME OF LATEST TRANSACTION
control field 20241008132027.0
008 - FIXED-LENGTH DATA ELEMENTS--GENERAL INFORMATION
fixed length control field 220222t20202020caua 001 0 eng c
010 ## - LIBRARY OF CONGRESS CONTROL NUMBER
LC control number 2021277748
020 ## - INTERNATIONAL STANDARD BOOK NUMBER
International Standard Book Number 9781492043454
035 ## - SYSTEM CONTROL NUMBER
System control number (OCoLC)on1089438191
040 ## - CATALOGING SOURCE
Original cataloging agency YDX
Language of cataloging eng
Transcribing agency YDX
Description conventions rda
Modifying agency BDX
-- JRZ
-- OCLCF
-- YDXIT
-- OBE
-- OCLCO
-- FHP
-- CSPC
042 ## - AUTHENTICATION CODE
Authentication code pcc
050 00 - LIBRARY OF CONGRESS CALL NUMBER
Classification number QA76.754
Item number .R48 2020
082 04 - DEWEY DECIMAL CLASSIFICATION NUMBER
Classification number 005.12
Item number R390f
Edition number 23
100 1# - MAIN ENTRY--PERSONAL NAME
Personal name Richards, Mark
Fuller form of name (W. Mark),
Relator term author.
245 10 - TITLE STATEMENT
Title Fundamentals of software architecture :
Remainder of title an engineering approach /
Statement of responsibility, etc. Mark Richards and Neal Ford.
250 ## - EDITION STATEMENT
Edition statement First edition.
264 #1 - PRODUCTION, PUBLICATION, DISTRIBUTION, MANUFACTURE, AND COPYRIGHT NOTICE
Place of production, publication, distribution, manufacture Sebastopol, CA :
Name of producer, publisher, distributor, manufacturer O'Reilly Media, Inc.,
Date of production, publication, distribution, manufacture, or copyright notice 2020.
264 #4 - PRODUCTION, PUBLICATION, DISTRIBUTION, MANUFACTURE, AND COPYRIGHT NOTICE
Date of production, publication, distribution, manufacture, or copyright notice ©2020
300 ## - PHYSICAL DESCRIPTION
Extent xvii, 400 pages :
Other physical details illustrations ;
Dimensions 24 cm.
336 ## - CONTENT TYPE
Content type term text
Content type code txt
Source rdacontent
337 ## - MEDIA TYPE
Media type term unmediated
Media type code n
Source rdamedia
338 ## - CARRIER TYPE
Carrier type term volume
Carrier type code nc
Source rdacarrier
500 ## - GENERAL NOTE
General note Includes index.
505 0# - FORMATTED CONTENTS NOTE
Formatted contents note Introduction -- Part 1. Foundations. Architectural thinking -- Modularity -- Architecture characteristics defined -- Identifying architectural characteristics -- Measuring and governing architecture characteristics -- Scope of architecture characteristics -- Component-based thinking -- Part 2. Architecture styles. Foundations -- Layered architecture style -- Pipeline architecture style -- Microkernel architecture style -- Service-based architecture style -- Event-driven architecture style -- Space-based architecture style -- Orchestration-driven service-oriented architecture -- Microservices architecture -- Choosing the appropriate architecture style -- Part 3. Techniques and soft skills. Architecture decisions -- Analyzing architecture risk -- Diagramming and presenting architecture -- Making teams effective -- Negotiation and leadership skills -- Deveoping a career path.
520 ## - SUMMARY, ETC.
Summary, etc. Salary surveys worldwide regularly place a software architect in the top 10 best jobs, yet no real guide exists to help developers become architects. Until now. This book provides the first comprehensive overview of software architecture's many aspects. Aspiring and existing architects alike will examine architectural characteristics, architectural patterns, component determination, diagramming and presenting architecture, evolutionary architecture, and many other topics. Mark Richards and Neal Ford-- hands-on practitioners who have taught software architecture classes profesionally for years-- focus on architecture principles that apply across all technology stacks. You'll explore software architecture in a modern light, taking into account all the innovations of the past decade.--
Assigning source Source other than the Library of Congress.
650 #0 - SUBJECT ADDED ENTRY--TOPICAL TERM
Topical term or geographic name entry element Software architecture.
650 #6 - SUBJECT ADDED ENTRY--TOPICAL TERM
Topical term or geographic name entry element Architecture logicielle.
650 #7 - SUBJECT ADDED ENTRY--TOPICAL TERM
Topical term or geographic name entry element COMPUTERS / Distributed Systems.
Source of heading or term bisacsh
650 #7 - SUBJECT ADDED ENTRY--TOPICAL TERM
Topical term or geographic name entry element COMPUTERS / Software Development & Engineering / Systems Analysis & Design.
Source of heading or term bisacsh
650 #7 - SUBJECT ADDED ENTRY--TOPICAL TERM
Topical term or geographic name entry element COMPUTERS / Software Development & Engineering / Tools.
Source of heading or term bisacsh
650 #7 - SUBJECT ADDED ENTRY--TOPICAL TERM
Topical term or geographic name entry element Software architecture.
Source of heading or term fast
Authority record control number or standard number (OCoLC)fst01200416
700 1# - ADDED ENTRY--PERSONAL NAME
Personal name Ford, Neal,
Relator term author.
906 ## - LOCAL DATA ELEMENT F, LDF (RLIN)
a 7
b cbc
c pccadap
d 2
e ncip
f 20
g y-gencatlg
942 ## - ADDED ENTRY ELEMENTS (KOHA)
Source of classification or shelving scheme Dewey Decimal Classification
Koha item type Books
Classification part 005.12
Call number prefix GRD
Call number suffix 2020
Suppress in OPAC No
Edition 23
Holdings
Withdrawn status Lost status Source of classification or shelving scheme Damaged status Not for loan Home library Current library Shelving location Date acquired Total Checkouts Full call number Barcode Date last seen Copy number Price effective from Koha item type
    Dewey Decimal Classification     Main Library Main Library Graduate School Library 10/08/2024   GRD 005.12 R390f 2020 028381 10/08/2024 1-1 10/08/2024 Books